00674nam a2200181 a 4500003000200000005001700002008004100019050002900060100002000089245007500109260009200184300004800276504004100324650003700365650002100402650003300423650003600456020250513134521.0021108s19uu xx 00 eng d aPGS HQ 755.85b.J83 2002 aJose, Joemar M. aThe advantages and disadvantages of having siblings /cJoemar M. Jose. aLas Piñas City, Philippines : bSouthville International School and Colleges,c2002. a45 pages :bcolored illustrations ;c28 cm. aIncludes bibliographical references. aSiblingsvPsychological aspects. aSibling rivalry. aSiblingsvSocial conditions. aFamilyvPsychological aspects..